[Event "Budapest FS12 FM"]
[Site "Budapest"]
[Date "2022.12.09"]
[Round "6"]
[White "Juracsik, Jozsef"]
[Black "Szurkos, Andras"]
[Result "1-0"]
[WhiteElo "1929"]
[BlackElo "1512"]
[PlyCount "91"]
[EventDate "2022.12.03"]
[EventType "tourn"]
[EventRounds "10"]
[EventCountry "HUN"]
[SourceTitle "CBM 212 Extra"]
[Source "ChessBase"]
[SourceDate "2023.03.31"]
[SourceVersion "1"]
[SourceVersionDate "2023.03.31"]
[SourceQuality "1"]

1. e4 e5 2. Nf3 Nc6 3. d4 exd4 4. Nxd4 Bc5 5. Nb3 Bb6 6. Nc3 Nf6 7. f3 d6 8. Na4 Ba5+ 9. Nxa5 Nxa5 10. Nc3 a6 11. Bg5 h6 12. Bh4 g5 13. Bf2 Be6 14. b3 Nc6 15. Qd2 Qe7 16. 0-0-0 b5 17. Nd5 Bxd5 18. exd5 Ne5 19. h4 Nh7 20. hxg5 hxg5 21. Bd3 f6 22. Bf5 Kf8 23. Rh6 Nf7 24. Rxh7 Rxh7 25. Bxh7 Kg7 26. Be4 Rh8 27. Bd4 Ne5 28. Qf2 Rh4 29. g3 Rh6 30. Bf5 Qf7 31. f4 gxf4 32. gxf4 Ng6 33. Be6 Qf8 34. Rg1 Kh8 35. f5 Ne7 36. Kb1 a5 37. Qd2 b4 38. Qg2 Rh4 39. Qg5 Rh6 40. Bb2 c5 41. Qf4 a4 42. Qxd6 a3 43. Bc1 Rh5 44. Qxc5 Qd8 45. Qxb4 Kh7 46. Qg4 1-0

[Event "Budapest FS12 FM"]
[Site "Budapest"]
[Date "2022.12.06"]
[Round "4"]
[White "Szurkos, Andras"]
[Black "Gaspar, Muriel Aranka"]
[Result "1-0"]
[WhiteElo "1512"]
[BlackElo "1459"]
[PlyCount "99"]
[EventDate "2022.12.03"]
[EventType "tourn"]
[EventRounds "10"]
[EventCountry "HUN"]
[SourceTitle "CBM 212 Extra"]
[Source "ChessBase"]
[SourceDate "2023.03.31"]
[SourceVersion "1"]
[SourceVersionDate "2023.03.31"]
[SourceQuality "1"]

1. e4 e6 2. d4 d5 3. Nc3 Bb4 4. Bd3 Ne7 5. Nf3 c5 6. 0-0 Bxc3 7. bxc3 c4 8. Be2 0-0 9. e5 h6 10. Ba3 Re8 11. Nh4 Ng6 12. Nxg6 fxg6 13. Bg4 Na6 14. Bh3 Nc7 15. Rb1 Qd7 16. Qc1 Nb5 17. Bb2 a5 18. a4 Na7 19. Ra1 Nc6 20. Qf4 Rf8 21. Qe3 Ne7 22. g4 g5 23. f4 gxf4 24. Rxf4 Rxf4 25. Qxf4 Ng6 26. Qg3 Qe7 27. Ba3 Qg5 28. Rb1 Qd2 29. Rb2 Nf4 30. Bf1 Bd7 31. Rxb7 Bxa4 32. g5 hxg5 33. h4 Bxc2 34. Qxg5 Qe3+ 35. Kh2 Qf2+ 36. Bg2 Ng6 37. h5 Qf4+ 38. Qxf4 Nxf4 39. Bf3 Bf5 40. Kg3 Nd3 41. Bg4 Bxg4 42. Kxg4 Kh7 43. Kg5 Nf2 44. h6 Ne4+ 45. Kh5 Ng3+ 46. Kg4 Nf5 47. hxg7 Nxg7 48. Kg5 Kg8 49. Kf6 Nh5+ 50. Kxe6 1-0

[Event "Budapest FS08 FM"]
[Site "Budapest"]
[Date "2022.08.10"]
[Round "5"]
[White "Szurkos, Andras"]
[Black "Mayer, Istvan"]
[Result "0-1"]
[WhiteElo "1579"]
[BlackElo "1807"]
[PlyCount "92"]
[EventDate "2022.08.06"]
[EventType "tourn"]
[EventRounds "9"]
[EventCountry "HUN"]
[SourceTitle "CBM 209 Extra"]
[Source "ChessBase"]
[SourceDate "2022.09.30"]
[SourceVersion "1"]
[SourceVersionDate "2022.09.30"]
[SourceQuality "1"]

1. e4 c5 2. Nf3 d6 3. Bb5+ Bd7 4. Bxd7+ Qxd7 5. 0-0 Nc6 6. d4 cxd4 7. Nxd4 g6 8. Be3 Bg7 9. c3 Nf6 10. f3 0-0 11. Qd2 Rfd8 12. Bh6 Bh8 13. Na3 d5 14. Nxc6 Qxc6 15. e5 Nd7 16. f4 Nc5 17. Nc2 Ne4 18. Qd4 Qb5 19. Nb4 e6 20. Nd3 Rac8 21. Rae1 Qa6 22. g4 f6 23. exf6 Bxf6 24. Ne5 Qxa2 25. Qb4 Qa6 26. Ra1 Qb6+ 27. Qxb6 axb6 28. Ra7 Rb8 29. Rd1 b5 30. Kg2 Rdc8 31. Nd7 Ra8 32. Rda1 Rxa7 33. Rxa7 b4 34. Rxb7 bxc3 35. bxc3 Bxc3 36. Rb8 Rxb8 37. Nxb8 d4 38. Kf3 d3 39. f5 exf5 40. gxf5 g5 41. h4 d2 42. Ke2 Nf2 43. Bxg5 d1Q+ 44. Kxf2 Bd4+ 45. Kg2 Qe2+ 46. Kh3 Qf3+ 0-1

[Event "Budapest FS07 FM"]
[Site "Budapest"]
[Date "2022.07.09"]
[Round "7"]
[White "Szurkos, Andras"]
[Black "Tolgyesi, Tibor"]
[Result "1-0"]
[WhiteElo "1604"]
[BlackElo "1450"]
[PlyCount "91"]
[EventDate "2022.07.02"]
[EventType "tourn"]
[EventRounds "10"]
[EventCountry "HUN"]
[SourceTitle "EXT 2023"]
[Source "ChessBase"]
[SourceDate "2022.10.05"]
[SourceVersion "1"]
[SourceVersionDate "2022.10.05"]
[SourceQuality "1"]

1. e4 e5 2. Nf3 d6 3. Nc3 Be6 4. d4 exd4 5. Nxd4 Bd7 6. Bc4 Nf6 7. 0-0 Be7 8. Nf5 Bxf5 9. exf5 0-0 10. Qf3 Nc6 11. Bf4 Nd4 12. Qd3 c5 13. Bd5 Qc8 14. Rfe1 Nh5 15. Be3 Bd8 16. Bxd4 cxd4 17. Ne2 Nf6 18. Bf3 Bb6 19. b4 d5 20. a4 a5 21. b5 Qc5 22. Rac1 Rfe8 23. Rf1 Ne4 24. Ng3 Nc3 25. Nh5 Ne4 26. g4 Qc3 27. Bxe4 dxe4 28. Qg3 e3 29. Kh1 Qc4 30. g5 Qd5+ 31. Kg1 Kf8 32. f6 g6 33. Nf4 Qf5 34. Nd3 e2 35. Rfe1 Re4 36. f3 Re3 37. Qd6+ Kg8 38. Qxb6 Rae8 39. Qxd4 Qxg5+ 40. Qg4 Qxf6 41. Kf2 Qb6 42. Kg2 R3e6 43. Nf4 Rd6 44. c4 Rd4 45. Qg3 Rd2 46. Nd5 1-0

[Event "First Saturday FM April 2022"]
[Site "Budapest"]
[Date "2022.04.12"]
[Round "10"]
[White "Szurkos, Andras"]
[Black "Gruz, Janos"]
[Result "1/2-1/2"]
[WhiteElo "1569"]
[BlackElo "1539"]
[PlyCount "126"]
[EventDate "2022.04.02"]
[EventType "tourn"]
[EventRounds "10"]
[EventCountry "HUN"]
[SourceTitle "CBM 208 Extra"]
[Source "ChessBase"]
[SourceDate "2022.07.31"]
[SourceVersion "1"]
[SourceVersionDate "2022.07.31"]
[SourceQuality "1"]

1. e4 c5 2. d4 cxd4 3. Nf3 d6 4. Nxd4 Nf6 5. Nc3 a6 6. Bd3 e6 7. 0-0 Be7 8. Be3 0-0 9. Kh1 Nbd7 10. Nf3 b5 11. Ne2 Bb7 12. Ng3 Qc7 13. Bf4 Rfd8 14. Qe2 Ne5 15. Nxe5 dxe5 16. Bg5 h6 17. Bxf6 Bxf6 18. Nh5 Qe7 19. Qf3 Bg5 20. Qg4 g6 21. Ng3 Rd4 22. Qe2 Rad8 23. f3 h5 24. Kg1 h4 25. Nh1 Kg7 26. Nf2 f5 27. Nh3 Bf6 28. Nf2 Qc7 29. Kh1 Bg5 30. Rad1 Bf6 31. c3 R4d7 32. Bc2 Qc6 33. Rxd7+ Rxd7 34. Rd1 Rxd1+ 35. Qxd1 Bc8 36. Qd2 Qc4 37. Nd3 Qxa2 38. Qc1 Qc4 39. Kg1 fxe4 40. fxe4 Qxe4 41. Nf2 Qf4 42. Qe1 Bd8 43. Nd3 Qf5 44. Qxe5+ Qxe5 45. Nxe5 h3 46. Be4 hxg2 47. Kxg2 Bc7 48. Nxg6 Kf6 49. Nh4 Bf4 50. Nf3 Bc1 51. b3 Bd7 52. Nd4 Bb2 53. Ne2 a5 54. Bc2 Ba3 55. h4 Bc6+ 56. Kg3 Bd6+ 57. Kg4 e5 58. Ng3 a4 59. bxa4 bxa4 60. Ne4+ Bxe4 61. Bxe4 a3 62. Bd5 Bc5 63. Ba2 Bd4 1/2-1/2

[Event "First Saturday FM April 2022"]
[Site "Budapest"]
[Date "2022.04.08"]
[Round "6"]
[White "Szurkos, Andras"]
[Black "Mayer, Istvan"]
[Result "0-1"]
[WhiteElo "1569"]
[BlackElo "1776"]
[PlyCount "82"]
[EventDate "2022.04.02"]
[EventType "tourn"]
[EventRounds "10"]
[EventCountry "HUN"]
[SourceTitle "CBM 208 Extra"]
[Source "ChessBase"]
[SourceDate "2022.07.31"]
[SourceVersion "1"]
[SourceVersionDate "2022.07.31"]
[SourceQuality "1"]

1. e4 c5 2. Nf3 d6 3. Bb5+ Bd7 4. Bxd7+ Qxd7 5. Nc3 Nc6 6. 0-0 g6 7. d3 Bg7 8. Nd5 e6 9. Ne3 Nge7 10. c3 f5 11. exf5 gxf5 12. Re1 e5 13. Nc4 0-0 14. Bg5 Ng6 15. Nh4 f4 16. Qh5 Nxh4 17. Bxh4 Rae8 18. Nd2 d5 19. Nf3 Re6 20. Qg4 Qe8 21. Ng5 Rh6 22. g3 Rg6 23. Qf3 Qd7 24. Qg2 Ne7 25. Nf3 Nf5 26. Qh3 Qd6 27. Kh1 c4 28. gxf4 exf4 29. d4 Qd7 30. Qf1 Rg4 31. Bg5 h6 32. h3 Rxg5 33. Nxg5 hxg5 34. Qg2 Bf6 35. Re2 Kf7 36. Rae1 Rh8 37. Kh2 Nh4 38. Qh1 g4 39. Re6 Nf3+ 40. Kg2 Nxe1+ 41. Qxe1 Qxe6 0-1

[Event "First Saturday FM April 2022"]
[Site "Budapest"]
[Date "2022.04.04"]
[Round "3"]
[White "Csiba, Tibor"]
[Black "Szurkos, Andras"]
[Result "0-1"]
[WhiteElo "1542"]
[BlackElo "1569"]
[PlyCount "66"]
[EventDate "2022.04.02"]
[EventType "tourn"]
[EventRounds "10"]
[EventCountry "HUN"]
[SourceTitle "CBM 208 Extra"]
[Source "ChessBase"]
[SourceDate "2022.07.31"]
[SourceVersion "1"]
[SourceVersionDate "2022.07.31"]
[SourceQuality "1"]

1. d4 d5 2. c4 e5 3. dxe5 d4 4. Nf3 Nc6 5. a3 Bg4 6. Nbd2 Nge7 7. g3 Bxf3 8. Nxf3 Ng6 9. Bg2 Be7 10. 0-0 0-0 11. b3 a5 12. Bb2 Bc5 13. Ne1 Ngxe5 14. Nd3 Nxd3 15. exd3 Qd7 16. Re1 Rfe8 17. Be4 g6 18. Bc1 Rab8 19. Bf4 Bd6 20. Bg5 Be7 21. Bxe7 Nxe7 22. Qf3 f5 23. Bxb7 c6 24. Rxe7 Rxe7 25. Bxc6 Qd6 26. Bd5+ Kg7 27. h4 h5 28. Bc6 Rxb3 29. a4 Rb2 30. Qd5 Qe5 31. Qxe5+ Rxe5 32. Bf3 Rd2 33. Rd1 Rxd1+ 0-1

[Event "First Saturday FM April 2022"]
[Site "Budapest"]
[Date "2022.04.03"]
[Round "2"]
[White "Szurkos, Andras"]
[Black "Szlenka, Attila"]
[Result "1-0"]
[WhiteElo "1569"]
[BlackElo "1678"]
[PlyCount "26"]
[EventDate "2022.04.02"]
[EventType "tourn"]
[EventRounds "10"]
[EventCountry "HUN"]
[SourceTitle "CBM 208 Extra"]
[Source "ChessBase"]
[SourceDate "2022.07.31"]
[SourceVersion "1"]
[SourceVersionDate "2022.07.31"]
[SourceQuality "1"]

1. e4 d6 2. Bc4 Nf6 3. Nc3 g6 4. d3 Bg7 5. Bg5 Nbd7 6. Qd2 c6 7. Bh6 0-0 8. Bxg7 Kxg7 9. f4 b5 10. Bb3 a5 11. a3 Nc5 12. Ba2 b4 13. Nce2 Qb6 1-0

[Event "Budapest FS12 FM"]
[Site "Budapest"]
[Date "2021.12.10"]
[Round "6"]
[White "Szurkos, Andras"]
[Black "Gruz, Janos"]
[Result "1/2-1/2"]
[WhiteElo "1557"]
[BlackElo "1558"]
[PlyCount "60"]
[EventDate "2021.12.04"]
[EventType "tourn"]
[EventRounds "10"]
[EventCountry "HUN"]
[SourceTitle "CBM 205 Extra"]
[Source "ChessBase"]
[SourceDate "2022.01.31"]
[SourceVersion "1"]
[SourceVersionDate "2022.01.31"]
[SourceQuality "1"]

1. e4 c5 2. d4 cxd4 3. Nf3 Nc6 4. Nxd4 Nxd4 5. Qxd4 e6 6. Be2 Qc7 7. Nc3 a6 8. 0-0 Ne7 9. Be3 Nc6 10. Qd2 Bd6 11. g3 0-0 12. a3 Be7 13. Na4 b5 14. Nb6 Rb8 15. Nxc8 Rbxc8 16. f4 Rfd8 17. Bf3 Na5 18. Qe1 Nc4 19. Bd4 e5 20. fxe5 Nxe5 21. c3 Bc5 22. b4 Be7 23. a4 Nc6 24. axb5 axb5 25. e5 Nxd4 26. cxd4 Qc4 27. Qe4 Bxb4 28. Be2 Qc6 29. Qf4 Qd5 30. Rab1 Bc3 1/2-1/2

[Event "First Saturday FM October 2021"]
[Site "Budapest"]
[Date "2021.10.11"]
[Round "9"]
[White "Szurkos, Andras"]
[Black "Zsatkovics, Endre"]
[Result "0-1"]
[WhiteElo "1593"]
[BlackElo "1567"]
[PlyCount "146"]
[EventDate "2021.10.02"]
[EventType "tourn"]
[EventRounds "10"]
[EventCountry "HUN"]
[SourceTitle "EXT 2023"]
[Source "ChessBase"]
[SourceDate "2022.10.05"]
[SourceVersion "1"]
[SourceVersionDate "2022.10.05"]
[SourceQuality "1"]

1. e4 d6 2. d4 g6 3. Nc3 Bg7 4. f4 c6 5. Nf3 Nf6 6. e5 dxe5 7. fxe5 Nd5 8. Ne4 Bf5 9. Bd3 Nb4 10. 0-0 Nxd3 11. cxd3 Qd5 12. Qe2 0-0 13. Bg5 f6 14. Bh4 Nd7 15. h3 h5 16. Nc3 Qe6 17. Bg3 g5 18. d5 cxd5 19. Nd4 Qb6 20. Bf2 Bg6 21. Nxd5 Qa6 22. Nxe7+ Kh7 23. Nxg6 Kxg6 24. e6 Nc5 25. g4 hxg4 26. Rad1 Qd6 27. hxg4 Rh8 28. Nf3 Nxe6 29. Qe1 Qd5 30. Bg3 Nc5 31. Kg2 Rae8 32. Qd2 Rd8 33. b4 Ne6 34. d4 Qe4 35. Qd3 Qxd3 36. Rxd3 Bf8 37. a3 Rc8 38. Nd2 Rc2 39. Rf2 Rc1 40. d5 Nd8 41. Ne4 Bg7 42. Nd6 Rhh1 43. Nf5 Bf8 44. Re2 Rhg1+ 45. Kf3 Rgf1+ 46. Bf2 Nf7 47. Kg3 Ne5 48. Rxe5 fxe5 49. d6 Rcd1 50. Re3 Bxd6 51. Nxd6 Rxd6 52. Rxe5 Rd3+ 53. Be3 Kf6 54. Re8 Ra1 55. Kf2 Raxa3 56. Re4 Rxe3 57. Rxe3 Rxe3 58. Kxe3 Ke5 59. Kf3 Kd4 60. Kf2 Ke4 61. Kg3 Ke3 62. Kg2 Kf4 63. Kf2 Kxg4 64. Kg2 Kf4 65. Kf2 g4 66. Kg2 g3 67. Kg1 Ke4 68. Kg2 Kd4 69. Kxg3 Kc4 70. Kf3 Kxb4 71. Ke2 b5 72. Kd2 Kb3 73. Kc1 Ka2 0-1

[Event "First Saturday FM October 2021"]
[Site "Budapest"]
[Date "2021.10.09"]
[Round "7"]
[White "Rounaiv, Rana"]
[Black "Szurkos, Andras"]
[Result "1-0"]
[WhiteElo "1445"]
[BlackElo "1593"]
[PlyCount "101"]
[EventDate "2021.10.02"]
[EventType "tourn"]
[EventRounds "10"]
[EventCountry "HUN"]
[SourceTitle "EXT 2023"]
[Source "ChessBase"]
[SourceDate "2022.10.05"]
[SourceVersion "1"]
[SourceVersionDate "2022.10.05"]
[SourceQuality "1"]

1. d4 Nf6 2. c4 e5 3. dxe5 Ne4 4. Nf3 Bb4+ 5. Nbd2 0-0 6. e3 Nc6 7. Bd3 Nxd2 8. Bxd2 Bxd2+ 9. Qxd2 Qe7 10. 0-0 Nxe5 11. Nxe5 Qxe5 12. f4 Qc5 13. b4 Qe7 14. Rf3 f5 15. Re1 d6 16. e4 Qf6 17. e5 dxe5 18. fxe5 Qf7 19. Qg5 Be6 20. Ref1 Qg6 21. Qf4 Qg4 22. Qxg4 fxg4 23. Bxh7+ Kxh7 24. Rxf8 Rxf8 25. Rxf8 Bxc4 26. Rc8 Bxa2 27. Rxc7 Bd5 28. b5 Kg6 29. e6 a6 30. bxa6 bxa6 31. e7 Kf7 32. Ra7 Bc4 33. Kf2 Bb5 34. Kg3 Ke8 35. Kxg4 Bd7+ 36. Kg5 Kxe7 37. Rxa6 Be8 38. Ra7+ Kf8 39. h4 Bc6 40. g3 Kg8 41. Rc7 Be4 42. h5 Kf8 43. h6 gxh6+ 44. Kxh6 Bf5 45. Rc4 Kg8 46. g4 Be6 47. Rf4 Bb3 48. g5 Bc2 49. g6 Bb3 50. Rb4 Bf7 51. Rb8+ 1-0

[Event "First Saturday FM October 2021"]
[Site "Budapest"]
[Date "2021.10.03"]
[Round "2"]
[White "Szurkos, Andras"]
[Black "Rounaiv, Rana"]
[Result "0-1"]
[WhiteElo "1593"]
[BlackElo "1445"]
[PlyCount "72"]
[EventDate "2021.10.02"]
[EventType "tourn"]
[EventRounds "10"]
[EventCountry "HUN"]
[SourceTitle "EXT 2023"]
[Source "ChessBase"]
[SourceDate "2022.10.05"]
[SourceVersion "1"]
[SourceVersionDate "2022.10.05"]
[SourceQuality "1"]

1. e4 c5 2. d4 cxd4 3. Nf3 Nf6 4. e5 Nd5 5. Qxd4 e6 6. Bc4 Nc6 7. Qe4 Nb6 8. Bb3 d5 9. Qf4 Qc7 10. 0-0 Ne7 11. Nc3 Ng6 12. Qe3 Bd7 13. a4 Bc5 14. Qe2 a6 15. Be3 Bxe3 16. Qxe3 0-0 17. Rfe1 f6 18. a5 Nc4 19. Bxc4 Qxc4 20. exf6 Rxf6 21. Ne5 Nxe5 22. Qxe5 Raf8 23. f3 Qc5+ 24. Kh1 Rg6 25. Re2 Qb4 26. Nxd5 exd5 27. Qxd5+ Rf7 28. Rae1 Qb5 29. Qa2 h5 30. Re5 Qa4 31. Qb1 Bc6 32. Rxh5 Rxf3 33. c3 Rff6 34. Re2 Qg4 35. Qd1 Bxg2+ 36. Kg1 Be4+ 0-1

[Event "Budapest FS05 FM"]
[Site "Budapest"]
[Date "2021.05.11"]
[Round "10"]
[White "Szurkos, Andras"]
[Black "Mayer, Istvan"]
[Result "0-1"]
[WhiteElo "1544"]
[BlackElo "1835"]
[PlyCount "36"]
[EventDate "2021.05.01"]
[EventType "tourn"]
[EventRounds "10"]
[EventCountry "HUN"]
[SourceTitle "CBM 202 Extra"]
[Source "ChessBase"]
[SourceDate "2021.07.31"]
[SourceVersion "1"]
[SourceVersionDate "2021.07.31"]
[SourceQuality "1"]

1. e4 e5 2. Nc3 Nc6 3. Bb5 g6 4. Nf3 Bg7 5. Bxc6 dxc6 6. d3 Ne7 7. Bg5 h6 8. Bxe7 Qxe7 9. h3 Be6 10. a3 c5 11. Qe2 c6 12. Qe3 h5 13. Na4 b5 14. Qxc5 bxa4 15. Qxc6+ Qd7 16. Qxd7+ Kxd7 17. Ng5 Rhb8 18. Nxe6 Kxe6 0-1

[Event "Budapest FS05 FM"]
[Site "Budapest"]
[Date "2021.05.02"]
[Round "2"]
[White "Szurkos, Andras"]
[Black "Tolgyesi, Tibor"]
[Result "1-0"]
[WhiteElo "1544"]
[BlackElo "1491"]
[PlyCount "95"]
[EventDate "2021.05.01"]
[EventType "tourn"]
[EventRounds "10"]
[EventCountry "HUN"]
[SourceTitle "CBM 202 Extra"]
[Source "ChessBase"]
[SourceDate "2021.07.31"]
[SourceVersion "1"]
[SourceVersionDate "2021.07.31"]
[SourceQuality "1"]

1. e4 e5 2. Nc3 Nf6 3. f4 d6 4. Nf3 Nbd7 5. Bc4 Be7 6. 0-0 0-0 7. d4 exd4 8. Nxd4 Nb6 9. Be2 c5 10. Nf3 Be6 11. b3 d5 12. e5 Ne4 13. Bb2 Nxc3 14. Bxc3 d4 15. Ba5 f6 16. Bd3 f5 17. Qe2 Qc8 18. Bxb6 axb6 19. Bc4 Rd8 20. a4 Ra5 21. Ng5 Bxg5 22. fxg5 g6 23. g4 Kg7 24. gxf5 Bxf5 25. e6 Qc7 26. Rae1 Qe7 27. Qe5+ Kg8 28. Qf6 Re8 29. h4 Raa8 30. h5 Rad8 31. Re5 Rd6 32. Rfe1 d3 33. cxd3 Bxd3 34. Qf7+ Kh8 35. Qf6+ Kg8 36. hxg6 Bxg6 37. Bb5 Rdd8 38. Bxe8 Rxe8 39. Rd1 c4 40. Rd7 Qxf6 41. gxf6 Kf8 42. bxc4 Rc8 43. Rxb7 Ra8 44. Rxb6 Be8 45. a5 Ba4 46. a6 Be8 47. Rg5 Bg6 48. c5 1-0

[Event "Budapest FS05 FM"]
[Site "Budapest"]
[Date "2021.05.01"]
[Round "1"]
[White "Szurkos, Andras"]
[Black "Ochedzan, Filip"]
[Result "0-1"]
[WhiteElo "1544"]
[BlackElo "1651"]
[PlyCount "86"]
[EventDate "2021.05.01"]
[EventType "tourn"]
[EventRounds "10"]
[EventCountry "HUN"]
[SourceTitle "CBM 202 Extra"]
[Source "ChessBase"]
[SourceDate "2021.07.31"]
[SourceVersion "1"]
[SourceVersionDate "2021.07.31"]
[SourceQuality "1"]

1. e4 c5 2. Nf3 d6 3. Bc4 Nf6 4. e5 dxe5 5. Nxe5 e6 6. 0-0 Be7 7. d3 0-0 8. Nc3 a6 9. Qf3 Nbd7 10. Bf4 Ra7 11. a4 Nxe5 12. Bxe5 Bd6 13. Bxf6 Qxf6 14. Qxf6 gxf6 15. Ne4 Be7 16. f4 Bd7 17. c3 Raa8 18. f5 e5 19. Bd5 Bc6 20. Bxc6 bxc6 21. b3 Rab8 22. Rab1 Rfd8 23. Rf3 a5 24. Kf1 Rb7 25. Ke2 Rdb8 26. Nd2 Bf8 27. Rg3+ Kh8 28. Rh3 h6 29. Kd1 Kh7 30. Kc2 Be7 31. Rh4 Rg8 32. g3 Rd8 33. Re1 Rbd7 34. Re3 Rb8 35. Rc4 Rbb7 36. Ne4 Rd5 37. Nf2 Rd8 38. Rh4 Rdb8 39. Ng4 Rxb3 40. Nxh6 Rb2+ 41. Kd1 Rg2 42. Kc1 c4 43. Nxf7+ Kg7 0-1

[Event "Budapest FS02 FM-B"]
[Site "Budapest"]
[Date "2021.02.07"]
[Round "2"]
[White "Szurkos, Andras"]
[Black "Mayer, Istvan"]
[Result "0-1"]
[WhiteElo "1602"]
[BlackElo "1823"]
[PlyCount "96"]
[EventDate "2021.02.06"]
[EventType "tourn"]
[EventRounds "10"]
[EventCountry "HUN"]
[SourceTitle "EXT 2022"]
[Source "ChessBase"]
[SourceDate "2021.10.06"]
[SourceVersion "1"]
[SourceVersionDate "2021.10.06"]
[SourceQuality "1"]

1. e4 c5 2. d4 cxd4 3. Nf3 Nc6 4. Bc4 Nf6 5. Qe2 d6 6. 0-0 g6 7. Bg5 Bg7 8. Nbd2 0-0 9. a3 h6 10. Bxf6 Bxf6 11. Rab1 Bd7 12. b4 a6 13. Nb3 Rc8 14. Qd2 Kg7 15. h3 Ne5 16. Be2 Nxf3+ 17. Bxf3 e5 18. Be2 Bg5 19. Qd1 f5 20. Bd3 Rc3 21. Nd2 Be6 22. exf5 gxf5 23. Nf3 Bf6 24. Nh2 Qc8 25. Rb2 e4 26. Be2 Rxa3 27. Rb1 Ra2 28. Rc1 Qc3 29. f4 Rc8 30. b5 Qe3+ 31. Kh1 d3 32. Bh5 Rcxc2 33. Rxc2 Rxc2 34. Be8 Qe2 35. Qxe2 dxe2 36. Rb1 Bb2 37. Kg1 Bd4+ 38. Kh1 Bf2 39. bxa6 bxa6 40. g4 e1Q+ 41. Rxe1 Bxe1 42. gxf5 Bxf5 43. Ng4 Bg3 44. Ne3 Rh2+ 45. Kg1 Bxh3 46. Bh5 Rb2 47. Nd1 d5 48. f5 d4 0-1

[Event "Budapest FS11 FM"]
[Site "Budapest"]
[Date "2020.11.17"]
[Round "10"]
[White "Sainbayar, Anuurai"]
[Black "Szurkos, Andras"]
[Result "0-1"]
[WhiteElo "1583"]
[BlackElo "1612"]
[PlyCount "72"]
[EventDate "2020.11.07"]
[EventType "tourn"]
[EventRounds "10"]
[EventCountry "HUN"]
[SourceTitle "CBM 199 Extra"]
[Source "ChessBase"]
[SourceDate "2021.01.31"]
[SourceVersion "1"]
[SourceVersionDate "2021.01.31"]
[SourceQuality "1"]

1. b4 e6 2. Bb2 Nf6 3. a3 d5 4. Nf3 Bd6 5. e3 0-0 6. c4 c5 7. b5 a6 8. a4 Nbd7 9. Nc3 a5 10. Be2 b6 11. cxd5 exd5 12. 0-0 Bb7 13. Ba3 Qc7 14. h3 Rfe8 15. Rc1 Ne4 16. d3 Nef6 17. Qb3 Rac8 18. Bb2 Ne5 19. Rfe1 c4 20. Qc2 Bb4 21. Nxe5 Qxe5 22. dxc4 dxc4 23. Bf1 Qg5 24. Red1 Qc5 25. Ne2 Be4 26. Bd4 Bxc2 27. Bxc5 Bxd1 28. Bxb4 Bxe2 29. Bxa5 bxa5 30. Bxe2 c3 31. Bd3 Nd5 32. Kf1 Nb4 33. Bf5 Rc5 34. Bg4 Rd8 35. Bf3 c2 36. Be2 Na2 0-1